| 000 | 01135cam a22003131i 4500 | ||
|---|---|---|---|
| 003 | SA-RiAUC | ||
| 003 | DPL | ||
| 005 | 20241127142020.0 | ||
| 008 | 241126s1999 ku g f000 0 ara c | ||
| 020 | _a9990600279 | ||
| 020 | _a9990600279 | ||
| 040 |
_aEG-CaDAJ _bara _cSA-RiAUC _erda |
||
| 043 | _aa-ir--- | ||
| 082 | 0 | 4 |
_a955.05 _qSA-RiAUC |
| 090 |
_a955.05 _bس ب ك |
||
| 100 | 1 |
_aالسبكي، آمال كامل بيومي _eمؤلف. |
|
| 245 | 1 | 0 |
_aتاريخ إيران السياسي بين ثورتين 1906-1979 / _cآمال السبكي. |
| 250 | _aلطبعة الأولى. | ||
| 264 | 1 |
_aالكويت : _bالمجلس الوطني للثقافة والفنون والآداب، _c1999 |
|
| 300 |
_a303 صفحة ؛ _c18 سم. |
||
| 336 |
_aنص _btxt _2rdacontent _3كتاب |
||
| 337 |
_aبدون وسيط _bn _2rdamedia |
||
| 338 |
_aمجلد _bnc _2rdacarrier |
||
| 490 | 0 |
_aعالم المعرفة ؛ _v250 |
|
| 651 | 7 |
_aإيران _xسياسة وحكومة _yقرن 20 _2aucsh |
|
| 651 | 7 |
_aإيران _xتاريخ _yثورة، 1979 _2aucsh |
|
| 942 |
_2ddc _cBOOK _n0 |
||
| 949 |
_aSA-JeALM _d241126 _umohamedma123 _n1 |
||
| 999 |
_c2814 _d2814 |
||